Michael Jackson - Fill in the Blanks - Song Titles - Statistics

General Stats
  • This quiz has been taken 214 times
  • The average score is 13 of 15
Answer Stats
Title Missing Words % Correct
______ Jean Billie
100%
Black or _____ White
100%
Man in the ______ Mirror
98%
______ Criminal Smooth
97%
The Way You Make Me ____ Feel
93%
Don't Stop 'Til You Get ______ Enough
92%
Heal the _____ World
89%
Remember the ____ Time
86%
Dirty _____ Diana
81%
____ Never Felt So Good Love
81%
____ with You Rock
78%
Earth ____ Song
78%
Liberian ____ Girl
67%
Get on the _____ Floor
59%
Never Can Say _______ Goodbye
58%
No matching quizzes found
Score Distribution
Percent of People with Each Score
Percentile by Number Answered
Your Score History
You have not taken this quiz